Wybory prezydenckie 2025 w Polsce - Statystyki

Ogólne statystyki
  • Ten quiz został rozwiązany 58 razy
  • Średni wynik to 10 z 13
Statystyki odpowiedzi
% w głosowaniu Hasło wyborcze Imię i nazwisko Ugrupowanie % Poprawnych
1 tura-21,5% 2 tura- 50,7% Dobre życie Polaków; Po pierwsze Polska, po pierwsze Polacy Karol Nawrocki Prawo i Sprawiedliwość
100%
1 tura-31,4% 2 tura- 49,3% Cała Polska naprzód!; Wygra cała Polska! Rafał Trzaskowski Koalicja Obywatelska
98%
6,3% Tu jest Polska Grzegorz Braun Konfederacja Korony Polskiej
91%
14,8% Silna, bogata Polska;Niemożliwe nie istnieje Sławomir Mentzen Konfederacja
89%
5% To ludzie są najważniejsi; Prezydent pokoju Szymon Hołownia Polska 2050
87%
4,9% Po twojej stronie Adrian Zandberg Partia Razem
84%
1% Kochani, niech moc będzie z Wami! Joanna Senyszyn Brak
84%
4,2% Łączy nas więcej Magdalena Biejat Nowa Lewica
80%
1,2% Vamos Polska!; Zero konkretów Krzysztof Stanowski Brak
76%
0,7% Jeszcze Polska nie zginęła, kiedy my żyjemy Marek Jakubiak Federacja dla Rzeczypospolitej
60%
0,2% Prezydent, którego potrzebujemy Maciej Maciak Brak
58%
0,1% Brak Marek Woch Bezpartyjni Samorządowcy
58%
0,5% Zdrowy rozsądek na chore czasy Artur Bartoszewicz Brak
40%
Nie znaleziono quizów pasujących do podanych kryteriów
Rozkład punktacji
Procent ludzi z każdym wynikiem
Percentyl według liczby udzielonych odpowiedzi
Twoja historia wyników
Nie rozwiązałeś tego quizu